000 00746nam a2200217 4500
001 114262
003 DR-UNIBE
005 20251203110457.0
008 251203b1957 xxu||||| |||| 00| 0 eng d
040 _aBIBLIOTECA UNIBE
_bspa
_cBIBLIOTECA UNIBE
041 _aeng
082 _222
_a657 N747a
100 1 _aNoble, Howard S.
_q(Howard Scott),
_d1893-1964
_eautor
_9201220
100 1 _aNiswonger, C. Rollin
_q(Clifford Rollin),
_d1907-1980
_eautor
_9201221
245 1 0 _aAccounting principles /
_cHoward S. Noble and C. Rollin Niswonger
250 _aSéptima edición
260 _aCincinnati :
_bSouth-western Publishing Company,
_c1957
300 _ax, 742 páginas :
_bilustraciones ;
_c24 cm
650 7 _2lemb
_aContabilidad
942 _2ddc
_cBK
999 _c114262
_d114262